000
00211 a2200097 4500
001
49650
100
_a
Beauer
245
_a
Amorican Critieal Essaye
260
_a
London
_b
Oxford Press
_c
090
_c
32163
_d
32163
942
_a
NUST-CAE
_c
M
_c
24629
999
_c
284723
_d
284723